| 000 | 01415nam a2200253Ia 4500 | ||
|---|---|---|---|
| 003 | Ost | ||
| 005 | 20260507075527.0 | ||
| 008 | 260507s9999||||xx |||||||||||||| ||und|| | ||
| 020 | _a978993148443 | ||
| 040 | _cfsecg | ||
| 041 | _aara | ||
| 082 | _a388 | ||
| 100 |
_aكافي، مصطفى يوسف _eمؤلف |
||
| 245 | 0 |
_aاقتصاد النقل والبيئة في إطار ضوابط التنمية المستدامة / _c مصطفى يوسف كافي |
|
| 260 |
_aتلمسان: _bالمكتب الجامعي الحديث, _c2017 |
||
| 300 |
_a230 صفحة؛ _bإيضاحات ؛ _c24 سم |
||
| 504 | _aببليوغرافيا:ص.223 | ||
| 520 | _aاقتصاد النقل والبيئة /في اطار ضوابط التنمية المستدامة/ماهية النقل وتطوره التاريخي/اقتصاديات النقل ونظرياته/تخطيط النقل/النقل الحضري /مفهوم التنمية المستدامة وابعادها/البيئة ومشكلاتها/علاقة النقل بالبيئة /النقل الحضري المستدام ابعاده وتحدياته/سياسات تخطيط النقل الحضري المستدام /وسائل المواصلات العمرانية المستدمة | ||
| 653 | _aالاقتصاد | ||
| 653 | _aالنقل | ||
| 653 | _aالنقل--جوانب اقتصادية | ||
| 653 | _aحماية البيئة | ||
| 942 | _cكتاب | ||
| 999 |
_c44805 _d44805 |
||